Fly ash a highway construction materials/ (Record no. 547552)

000 -LEADER
fixed length control field 00435nam a22001337a 4500
082 ## - DEWEY DECIMAL CLASSIFICATION NUMBER
Classification number 625.8
Author Mark MEY
100 ## - MAIN ENTRY--PERSONAL NAME
Personal name Meyers, James F.,
9 (RLIN) 43732
245 ## - TITLE STATEMENT
Title Fly ash a highway construction materials/
Statement of responsibility, etc. Meyers, James F.,
260 ## - PUBLICATION, DISTRIBUTION, ETC.
Place of publication, distribution, etc. Washington:
Name of publisher, distributor, etc. Federal highway administration department of transportation,
Date of publication, distribution, etc. 1976.
300 ## - PHYSICAL DESCRIPTION
Extent 177p.:
Other physical details ill,;
Dimensions 25 cm.
526 ## - STUDY PROGRAM INFORMATION NOTE
Program name 0
Interest level 0
Reading level 0
Title point value 625_800000000000000_MEY
650 ## - SUBJECT ADDED ENTRY--TOPICAL TERM
Topical term or geographic name entry element MCE
9 (RLIN) 379
942 ## - ADDED ENTRY ELEMENTS (KOHA)
Source of classification or shelving scheme
Koha item type Book
Holdings
Withdrawn status Lost status Source of classification or shelving scheme Damaged status Not for loan Permanent Location Current Location Date acquired Total Checkouts Full call number Barcode Date last seen Price effective from Koha item type
          Military College of Engineering (MCE) Military College of Engineering (MCE) 07/22/2014   625.8 MEY MCE-42425 07/22/2014 07/22/2014 Book
© 2023 Central Library, National University of Sciences and Technology. All Rights Reserved.